000 00664nam a2200277Ia 4500
005 20260324113225.0
008 008 260324s9999 xx 000 0 eng d
020 _a9781003473879
037 _aEBOOK
040 _aCRL
040 _beng
040 _cCRL
041 _2eng
041 _aeng
084 _qCRL
100 _aJames W. Forgan; Noelle Balsamo
_91145919
245 0 _aParent’s Quick Start Guide to Dysgraphia
260 _bTaylor and Francis
260 _c2024
365 _a
365 _b79.99
856 _uhttp://www.taylorfrancis.com/books/9781003473879
942 _cEBOOK
999 _c1735455
_d1735455